Countries that Visit Uzbekistan the Most - Statistics

General Stats
  • This quiz has been taken 301 times
  • The average score is 11 of 15
Answer Stats
visitors country % Correct
460,000 Russia
97%
37,000 China
96%
1,701,000 Tajikistan
96%
2,457,000 Kazakhstan
95%
1,101,000 Kyrgyzstan
93%
246,000 Turkmenistan
89%
22,000 India
85%
71,000 Afghanistan
78%
75,000 Turkey
73%
17,000 Japan
70%
19,000 Germany
59%
16,000 Ukraine
59%
14,000 France
57%
33,000 South Korea
56%
16,000 Belarus
41%
No matching quizzes found
Score Distribution
Percent of People with Each Score
Percentile by Number Answered
Your Score History
You have not taken this quiz